Statistics for Cities in North America and Europe above 2,000,000 pop

Click here to take the quiz!

General Stats

  • This quiz has been taken 35 times
  • The average score is 39 of 53

Answer Stats

HintAnswer% Correct
4,497,900Berlin
93%
8,671,746Chicago
93%
10,558,797London
93%
12,237,376Los Angeles
93%
6,077,522Miami
93%
13,010,112Moscow
93%
19,426,449New York City
93%
10,858,874Paris
90%
3,269,385San Francisco
90%
3,544,011Seattle
90%
5,647,656Toronto
90%
4,683,311Barcelona
87%
4,382,009Boston
87%
5,732,354Dallas
87%
5,853,575Houston
87%
6,415,809Madrid
87%
2,720,316Manchester
87%
21,804,515Mexico City
87%
5,174,759Washington
87%
3,675,219Montreal
83%
5,696,125Philadelphia
83%
2,748,209Rome
83%
3,070,300San Diego
83%
2,426,160Vancouver
83%
3,146,166Athens
80%
2,590,363Birmingham
80%
15,244,936Istanbul
80%
2,797,553Kyiv
80%
5,601,911St. Petersburg
80%
4,999,259Atlanta
77%
2,496,600Hamburg
77%
3,976,313Phoenix
77%
3,776,890Detroit
73%
5,341,177Guadalajara
73%
2,137,847Havana
73%
5,341,177Monterey
73%
2,012,100Munich
73%
3,085,923Naples
70%
2,196,623Las Vegas
63%
2,296,386Port au Prince
63%
2,581,827Santo Domingo
63%
2,783,045Tampa
63%
2,447,200Cologne
60%
2,686,147Denver
60%
2,212,038Baltimore
57%
2,914,866Minneapolis
57%
2,157,853Tijuana
50%
2,104,238Portland
47%
2,156,323St. Louis
47%
3,199,530Puebla
40%
2,140,094León
30%
2,353,924Toluca
23%
2,276,703Riverside
20%

Score Distribution

Percentile by Number Answered

Percent of People with Each Score

Your Score History

You have not taken this quiz